| 000 | 00651cam a2200229 4500500 | ||
|---|---|---|---|
| 005 | 20260329004830.0 | ||
| 041 | _afre | ||
| 042 | _adc | ||
| 100 | 1 | 0 |
_aGustave, Océane _eauthor |
| 245 | 0 | 0 | _aDogecoin, le règne du simulacre ? |
| 260 | _c2021. | ||
| 500 | _a88 | ||
| 690 | _aArgent | ||
| 690 | _aCryptomonnaie | ||
| 690 | _aElon Musk | ||
| 690 | _aJean Baudrillard | ||
| 690 | _aParodie | ||
| 690 | _aSimulacre | ||
| 690 | _aVirtuel | ||
| 786 | 0 | _nPhilosophie magazine | 150 | 6 | 2021-06-01 | p. 14-15 | 1951-1787 | |
| 856 | 4 | 1 | _uhttps://shs.cairn.info/magazine-philosophie-magazine-2021-6-page-14?lang=fr&redirect-ssocas=7080 |
| 999 |
_c1837746 _d1837746 |
||